The Ghost and Molly McGee Episodes - Statistics

General Stats
  • This quiz has been taken 8 times
  • The average score is 25 of 66
Answer Stats
Answer % Correct
The Curse
100%
First Day Frights
86%
Howlin' Harriet
86%
A Period Piece
71%
Frightmares on Main Street
57%
Getting the Band(shell) Back Together
57%
Molly vs. the Ghost World
57%
The Greatest Concert Ever
57%
The Internship
57%
The Jig is Up
57%
The New (Para)Normal
57%
The (Un)natural
57%
100% Molly McGee
43%
All Systems No
43%
A Very Hungry Ghost
43%
Book Marks the Sprite
43%
Citizen McGee
43%
Double, Double, Darryl & Trouble
43%
Game Night
43%
Goat Your Own Way
43%
Home is Where the Haunt is
43%
Ice Princess
43%
Lock, Stock, and Peril
43%
Mama's Gotta Hustle
43%
Mazel Tov, Libby!
43%
Saving Christmas
43%
Scratch the Surface
43%
The Don't-Gooder
43%
The Lucky Penny
43%
Twin Trouble
43%
A Doll to Die For
29%
All in the Mind
29%
All Night Plight
29%
All Shark No Bite
29%
A Soda to Remember
29%
Dance Dad Revolution
29%
Davenport's on Demand
29%
Faint of Art
29%
Festival of Lights
29%
Friend-Off
29%
Hooray for Mollywood!
29%
Innocent Until Proven Ghostly
29%
It's Always Sunny in Sunnyland
29%
I Wanna Dance with Some-Ollie
29%
Jinx!
29%
Let's Play Turnipball!
29%
Like Father Like Libby
29%
Monumental Disaster
29%
No Good Deed
29%
Not So Honest Abe
29%
Out of House and Home
29%
Ready, Set, Snow!
29%
Scare Tactics
29%
Scaring is Caring
29%
Talent Show
29%
The (After)life of the Party
29%
The Bad Boy Bobby Daniels
29%
The Best of Nin-tensions
29%
The Ghost IS Molly McGee
29%
The Turnip Twist
29%
The Unhaunting of Brighton Video
29%
Carbon Zero Heroes
14%
Davenport's in Demise
14%
Nin-dependence
14%
Kenny's Fallen Star
0%
Web of Lies
0%
No matching quizzes found
Score Distribution
Percent of People with Each Score
Percentile by Number Answered
Your Score History
You have not taken this quiz